Loreto College Library, Kolkata
WEBOPAC (ONLINE PUBLIC ACCESS CATALOGUE)

A force for good (Record no. 40748)

MARC details
000 -LEADER
fixed length control field 00566nam a22002057a 4500
005 - DATE AND TIME OF LATEST TRANSACTION
control field 20221102114025.0
008 - FIXED-LENGTH DATA ELEMENTS--GENERAL INFORMATION
fixed length control field 160729b xxu||||| |||| 00| 0 eng d
020 ## - ISBN | অাই এস বি এন
ISBN | অাই এস বি এন 9789385436000
PRICE 499
040 ## - CATALOGING SOURCE
Original cataloging agency Loreto College
Language of cataloging eng
041 ## - LANGUAGE CODE
Language code English
082 ## - DDC | ডিউই
Classification number | বর্গসংখ্যা 131
Book Number | গ্রন্থাঙ্ক GOL
100 ## - MAIN ENTRY--PERSONAL NAME | মুখ্য সংলেখ - ব্যাক্তিনাম
Personal name | ব্যাক্তিনাম Goleman, Daniel
245 ## - TITLE STATEMENT | অাখ্যা বিবরণী
Title | অাখ্যা A force for good
Sub title | উপঅাখ্যা The Dalai Lama's vision for our world
Statement of responsibility | লেখকের দায়িত্বের বিবরণ Daniel Goleman
260 ## - IMPRINT | প্রকাশনা ক্ষেত্র
Place of publication | প্রকাশ স্থান London
Name of publisher | প্রকাশকের নাম Bloomsbury
Date of publication | প্রকাশ কাল 2015
300 ## - PHYSICAL DESCRIPTION |
Page / Vol. No | পৃষ্ঠা / খন্ড সংখ্যা viii,256p
Other physical details | অনান্য বাহ্যিক বিবরণ 24 cm
600 ## - SUBJECT ADDED ENTRY--PERSONAL NAME | বিষয় শিরোনাম - ব্যাক্তিনাম
Personal name | ব্যাক্তিনাম Dalai Lama
Dates of Birth / Death | জন্ম / মৃত্যু সন 1935-
650 ## - SUBJECT ADDED ENTRY--TOPICAL TERM | বিষয় শিরোনাম - মূল বিষয়
Topical term | মূল বিষয় The Dalai Lama's vision
850 ## - HOLDING INSTITUTION
Holding institution LCLIB
942 ## - ADDED ENTRY ELEMENTS (KOHA)
Koha item type Books
Holdings
Withdrawn status Lost status Source of classification Damaged status Not for loan Home library Current library Date acquired Total Checkouts Full call number Accession No. Date last seen Date checked out Price effective from Koha item type Coded location qualifier
    Dewey Decimal Classification     Loreto College Loreto College 29/07/2016 1 131 GOL 51416 44423 15/01/2020 15/01/2020 29/07/2016 Books